000 00328 a2200133 4500
001 90371
082 _a891.4391 ZUB
090 _c42691
_d42691
100 _aZubairi Nasira
245 _aKaanch Ka Charaagh
_cNasira Zubairi
_hUrdu
260 _aLahore
_bMavra Books
_c2012
300 _a264p.
500 _aGeneral Collection
942 _aCAE NUST
_k891.4391 ZUB
999 _c325444
_d325444